000 00258nam a2200109Ia 4500
008 140130s9999 xx 000 0 und d
245 _cBaglio, Ben
_aSpaniel Surprise
260 _bScholastic,
521 _aGrade 3 - Grade 5
942 _cBK
999 _c41010
_d41010